| 000 | 00663cam a2200229 a 4500 | ||
|---|---|---|---|
| 001 | 000018783 | ||
| 005 | 20200929165846.0 | ||
| 008 | 750411s1974 xxc 000 p fre d | ||
| 020 | _a0776110055 | ||
| 040 |
_aDO-SdBNP _bfre _cLC _dBNPHU |
||
| 082 |
_a841.54 _bD814p |
||
| 100 | 1 |
_aDubé, Marcel, _d1930- _940277 |
|
| 245 | 1 | 0 |
_aPoèmes de sable / _cMarcel Dube. |
| 260 |
_a[Montréal] : _bLeméac, _c1974. |
||
| 300 |
_a205 p. ; _c19 cm. |
||
| 490 | 1 | _aPoésie Leméac | |
| 650 | 4 |
_aPoesía canadiense _914165 |
|
| 650 | 4 |
_aLiteratura canadiense _ySIGLO XX _97991 |
|
| 830 | 0 |
_aPoésie Leméac _940511 |
|
| 910 | _aCatalogación derivada / LC | ||
| 049 | _aBNGR | ||
| 999 |
_c18303 _d18303 |
||